| 000 | 00476nam a2200157 a 4500 | ||
|---|---|---|---|
| 001 | 000030214 | ||
| 005 | 20200930060135.0 | ||
| 008 | 110504s2008 dr a 000 0 spa d | ||
| 040 |
_aDO-SdBNP _bspa _cBNPHU |
||
| 082 |
_axxx _bB625o |
||
| 100 | 1 |
_aBizet, Michel _d1941- _956911 |
|
| 245 | 1 | 0 |
_aOxygen / _cMichel Bizet. |
| 260 |
_aSanto Domingo : _bMuseo de las Casas Reales, _c2008. |
||
| 300 |
_a56 p. : _bil. ; _c23 cm. |
||
| 500 | _aIncluye datos biográficos del autor (pag. 54) | ||
| 999 |
_c29706 _d29706 |
||